Octavio Paz: la dimensión estética del ensayo

Uloženo v:
Podrobná bibliografie
Hlavní autor: Jaimes, Héctor (Autor)
Médium: Kniha
Jazyk:španělština
Vydáno: Ciudad de México Siglo Veintiuno 2004
Vydání:1a. ed
Témata:
Tagy: Přidat tag
Žádné tagy, Buďte první, kdo vytvoří štítek k tomuto záznamu!

MARC

LEADER 00000nam a2200000 a 4500
001 UCH7589
003 CL-VaPUC
005 20230329135831.0
008 091119e20040000MX |||||||||||||||||spa|d
999 |c 338105  |d 338103 
020 |a 9789682325277 
040 |c Pontificia Universidad Católica de Valparaíso 
082 0 4 |a Me864  |b JAI  |2 21 
100 0 |a Jaimes, Héctor  |e author  |9 543996 
245 1 0 |a Octavio Paz: la dimensión estética del ensayo 
250 |a 1a. ed 
260 |a Ciudad de México  |b Siglo Veintiuno  |c 2004 
300 |a 317 p 
583 |a last modification  |c 20091119 00:00:00  |k Rodrigo Vera 
600 |a Paz, Octavio  |d 1914-1998  |9 881026 
650 7 |a ENSAYOS MEXICANOS  |2 CL-VaPUC  |9 315571 
650 0 |a Literatura mexicana  |9 313097 
650 0 |a Crítica literaria   |9 269189 
942 |c BK  |2 ddc 
945 |d 20091119 00:00:00  |a rbrito 
952 |0 0  |1 0  |4 0  |6 ME_864_000000000000000_JAI_2004  |7 0  |8 R  |9 430938  |a BIBEDU  |b BIBEDU  |c MCIRC  |d 2019-11-22  |i 4618939  |o Me864 JAI 2004  |p 4618939  |r 2023-01-13  |w 2019-11-22  |y BK_R  |k LIT